| 000 | 01030nam a2200217 a 4500 | ||
|---|---|---|---|
| 001 | BRCA_8871 | ||
| 005 | 20190320210437.0 | ||
| 008 | 140617s1764----mx-#######---#000-0#spa-# | ||
| 041 | _aspa | ||
| 044 | _amx | ||
| 084 |
_aBE254 _b.V48 1764 |
||
| 100 | 1 |
_aVetancurt, Agustín de _922090 |
|
| 245 | 1 | 0 |
_aManual de administrar los santos sacramentos, conforme á la reforma de Paulo V, y Urbano VIII _cdispuestos por el R.P.Fr. Agustin de Ventacurt; quien se la dedica al esposo de la que es de Dios esposa, padre estimativo de el Hijo de el Eterno Padre, y glorioso patriarca Señor San Joseph. |
| 260 |
_aReimpresso en Mexico _bEn la Imprenta de los Herederos de D. María de Rivera, calle de S. Bernardo _c1764 |
||
| 300 |
_a[6], [7], 377 p. _c14.4 x 10.5 cm. |
||
| 500 | _aEstado físico: presenta encuadernación en piel, con cantos decorados y con algunas hojas manchadas | ||
| 650 | 1 | 4 |
_aSacramentos _yObras anteriores a 1800 _921850 |
| 650 | 1 | 4 |
_aTeología _zObras anteriores a 1800 _922091 |
| 902 | _aCFM | ||
| 942 |
_2lcc _cB |
||
| 999 |
_c8522 _d8522 |
||